Вып. 1; Спектроскопия газоразрядной плазмы

Бібліографічні деталі
Parent link:Спектроскопия газоразрядной плазмы: [сборник]/ Ленинградский государственный университет (ЛГУ). Вып. 1.— , 1976-
Інші автори: Пенкин Н. П. (редактор)
Мова:Російська
Опубліковано: 1976
Предмети:
Формат: Книга
KOHA link:https://koha.lib.tpu.ru/cgi-bin/koha/opac-detail.pl?biblionumber=265797

MARC

LEADER 00000nam2a2200000 4500
001 265797
005 20231101233942.0
035 |a (RuTPU)RU\TPU\book\288799 
035 |a RU\TPU\book\288756 
090 |a 265797 
100 |a 20140630d1976 k y0rusy50 ca 
101 0 |a rus 
102 |a RU 
105 |a a z 001zy 
200 0 |a Вып. 1 
210 |d 1976 
215 |a 164 с.  |c ил. 
320 |a Библиография в конце статей 
461 1 |0 (RuTPU)RU\TPU\book\288756  |t Спектроскопия газоразрядной плазмы  |o [сборник]  |f Ленинградский государственный университет (ЛГУ)  |v Вып. 1  |d 1976-  
606 1 |a Плазма газоразрядная  |2 stltpush  |3 (RuTPU)RU\TPU\subj\48929  |9 67746 
606 1 |a Плазма  |x Спектроскопические исследования  |2 stltpush  |3 (RuTPU)RU\TPU\subj\48911  |9 67728 
610 1 |a спектроскопия 
610 1 |a газоразрядная плазма 
610 1 |a сборники 
610 1 |a низкотемпературная плазма 
610 1 |a спектральные линии 
610 1 |a метод задержанных совпадений 
610 1 |a атомная спектроскопия 
610 1 |a молекулярная спектроскопия 
610 1 |a газоразрядные источники 
675 |a 533.9  |v 3 
675 |a 533.9.08  |v 3 
702 1 |a Пенкин  |b Н. П.  |4 340 
801 1 |a RU  |b 63413507  |c 20090418  |g PSBO 
801 2 |a RU  |b 63413507  |c 20170622  |g RCR 
942 |c BK